Weekend in Taipei / directed and written by George Huang ; produced and written by Luc Beccson. (Record no. 20911)

000 -LEADER
fixed length control field 01227nam a22002297a 4500
008 - FIXED-LENGTH DATA ELEMENTS--GENERAL INFORMATION
fixed length control field 250528b xxu||||| |||| 00| 0 eng d
040 ## - CATALOGING SOURCE
Original cataloging agency Cagayan State University
082 ## - DEWEY DECIMAL CLASSIFICATION NUMBER
Classification number 791.4372
Item number W4181 2024
245 ## - TITLE STATEMENT
Title Weekend in Taipei / directed and written by George Huang ; produced and written by Luc Beccson.
260 ## - PUBLICATION, DISTRIBUTION, ETC. (IMPRINT)
Place of publication, distribution, etc France :
Name of publisher, distributor, etc EuropaCorp,
Date of publication, distribution, etc 2024.
300 ## - PHYSICAL DESCRIPTION
Extent 1 videofile, (ca. 101 mins.) :
Other physical details sound, color.
520 ## - SUMMARY, ETC.
Summary, etc Years ago, committed DEA agent John Lawlor fell in love with Joey Kwang, a Taipei-based transport driver working in the criminal underworld, but was forced to flee due to tragic circumstances. Now, the duo reunites when Lawlor blows his cover as a chef and takes an off-the-books weekend mission to Taipei to bring down a billionaire drug kingpin... who just so happens to be Joey's new husband. From the creators of Taken and The Transporter, WEEKEND IN TAIPEI hits theaters this November 8th.
546 ## - LANGUAGE NOTE
Language note In English subtitle.
650 ## - SUBJECT ADDED ENTRY--TOPICAL TERM
Topical term or geographic name as entry element Action.
650 ## - SUBJECT ADDED ENTRY--TOPICAL TERM
Topical term or geographic name as entry element Thriller.
700 ## - ADDED ENTRY--PERSONAL NAME
Personal name Evans, Luke, star.
700 ## - ADDED ENTRY--PERSONAL NAME
Personal name Lun-mei, Gwei, star.
700 ## - ADDED ENTRY--PERSONAL NAME
Personal name Kang, Sung, star.
700 ## - ADDED ENTRY--PERSONAL NAME
Personal name Wandersman, Colin, cinematographer.
700 ## - ADDED ENTRY--PERSONAL NAME
Personal name Fabiani, Lucas, editor.
942 ## - ADDED ENTRY ELEMENTS (KOHA)
Source of classification or shelving scheme
Item type Audio-Visual Materials
Holdings
Source of acquisition Price effective from Permanent location Date last seen Not for loan Date acquired Source of classification or shelving scheme Koha item type Collection code Shelving location Damaged status Lost status Withdrawn status Current location Full call number
Donation2025-05-28Cagayan State University - Carig Library2025-05-28 2025-05-28 Audio-Visual MaterialsElectronic Media CenterElectronic Media Center   Cagayan State University - Carig Library791.4372 W4181 2024

Cagayan State University University Library, Carig Campus
Tuguegarao City, Cagayan 3500 | www.csucarig.edu.ph

Powered by Koha